00681cam a22002051 4500001001300000003000400013005001700017008004100034010001700075035002000092040002500112050001800137100003000155245010000185246006700285260005300352300001900405700003400424999001700458ne 62000290 DLC20260227111734.0900823s1933 tu 000 0 tur  ane 62000290  a(OCoLC)22262746 aDLCcCLUdOCoLCdDLC00aPL248.G4bZ651 aErgun, Sadettin Nüzhet.00aXIX uncu asır sazşairlerinden Beşiktaşʼlı Gedaı̂.c[Hazırlıyan] Sadettin Nüzhet.3 aOndokuzuncu asır sazşairlerinden Beşiktaşʼlı Gedaı̂ a[İstanbul]bSühulet Kütüphanesic[1933?] a106 p.c20 cm.0 aGedaı,d-approximately 1889. c45029d45029